| 000 | 00445nam a2200169Ia 4500 | ||
|---|---|---|---|
| 005 | 20250315093051.0 | ||
| 008 | 231217s9999 xx 000 0 und d | ||
| 020 | _a9788188849192 | ||
| 082 | _a621.38153 SAM;8 | ||
| 100 | _aSamuel, Sudhaker R D. Mahadevaswamy, U B. Nattarasu, V. | ||
| 245 | 0 | _aElectronic circuits | |
| 250 | _a2nd ed. | ||
| 260 |
_c2005 _bSanguine _aBangalore |
||
| 300 | _axvi, 655 | ||
| 650 | _acircuits | ||
| 942 | _cAA | ||
| 999 |
_c181797 _d181797 |
||